| 000 | 01989cam a22004934i 4500 | ||
|---|---|---|---|
| 003 | PE-LiUPU | ||
| 005 | 20250731173030.0 | ||
| 008 | 150623s r 000 0 d | ||
| 020 | _a0836134702 | ||
| 035 | _a(Sirsi) i9780836134704 | ||
| 040 |
_aPE-LiUPU _bspa _cPE-LiUPU _erda |
||
| 049 | _aPRUA | ||
| 082 | 0 | 4 |
_a254.5 _bS47 _221 |
| 100 | 1 |
_aShenk, David W., _d1937-, _eautor. |
|
| 245 | 1 | 0 |
_aCreating communities of the kingdom : _bNew Testament models of church planting / _cDavid W. Shenk, Ervin R. Stutzman ; prólogo por Myron S. Augsburger. |
| 264 | 1 |
_aScottdale, Pensylvania : _bHerald Press, _c1988. |
|
| 300 |
_a229 páginas ; _c21 centímetros |
||
| 336 |
_atext _2rdacontent |
||
| 337 |
_aunmediated _2rdamedia |
||
| 338 |
_avolume _2rdacarrier |
||
| 504 | _aIncluye bibliografía. | ||
| 505 | 0 | _aThe church with the message. -Prayer, call, and commissioning. -The team. -Vision plan, and opportunity. the power of God. -Developing the congregation. -Gospel and culture. -Peoples and places. -Discipling and trainig. -Leadership and accountability. -Encouragement and partnering. -Facilities and finances. -New congregations in mission. | |
| 526 | _aSEG42 | ||
| 526 | _aSEG41 | ||
| 526 | _aSEG40 | ||
| 526 | _aSEG39 | ||
| 526 | _aP94 | ||
| 526 | _aP87 | ||
| 526 | _aP86 | ||
| 526 | _aP85 | ||
| 526 | _aP77 | ||
| 526 | _aP76 | ||
| 526 | _aP35 | ||
| 630 |
_aBiblia. _pN.T. _pHechos _xCrítica, interpretación, etc. |
||
| 650 | 0 | 4 | _aCrecimiento de Iglesia. |
| 650 | 0 | 4 |
_aEvangelismo. _9953 |
| 700 | 1 |
_aStutzman, Erwin R., _eautor. |
|
| 942 |
_2ddc _cBOOK |
||
| 949 |
_a254.5 S47 _wDEWEY _c1 _i48082 _lCCODEBUL1 _mBUL _r0 _sY _tBOOK _u2015-6-24 _xTEOLOGIA _PP35 _0COMPRA _o.STAFF. Colección General |
||
| 994 |
_aC0 _bPEPRU |
||
| 596 | _a1 | ||
| 999 |
_a254.5 S47 _wDEWEY _c24979 _i48082 _f2021-11-10 _g5 _lCCODEBUL1 _mBUL _r0 _sY _tBOOK _u2015-6-24 _xTEOLOGIA _PP35 _0COMPRA _o.STAFF. Colección General _d24979 |
||
| 980 |
_81 _gALBERTO SANCHEZ Responsable de Automatización |
||